[Event "Barcelona La Lira-C 15th"]
[Site "Barcelona"]
[Date "2012.07.27"]
[Round "7"]
[White "Cano Sevila, Ivan"]
[Black "Moreira Martinez, Eloi"]
[Result "1/2-1/2"]
[WhiteElo "1467"]
[BlackElo "1798"]
[PlyCount "97"]
[EventDate "2012.07.21"]
[EventType "tourn"]
[EventRounds "9"]
[EventCountry "ESP"]
[SourceTitle "EXT 2014"]
[Source "ChessBase"]
[SourceDate "2013.11.20"]
[SourceVersion "1"]
[SourceVersionDate "2013.11.20"]
[SourceQuality "1"]

1. e4 e6 2. d4 d5 3. e5 c5 4. c3 Nc6 5. Nf3 Qb6 6. a3 c4 7. Nbd2 Na5 8. Rb1 Bd7 9. g3 Nh6 10. Bg2 Nf5 11. 0-0 Be7 12. h4 Rc8 13. Qc2 f6 14. Re1 0-0 15. Nf1 Be8 16. Ra1 Nb3 17. Ra2 Bg6 18. Qe2 Nxc1 19. Rxc1 Nh6 20. Bh3 f5 21. N3h2 Qd8 22. Raa1 Rc6 23. f4 Bxh4 24. gxh4 Qxh4 25. Qf3 Bh5 26. Qg3 Qe7 27. Ne3 Rf7 28. Kh1 Be2 29. Bf1 Bh5 30. Bh3 Kh8 31. Rg1 Rc8 32. Qg5 Qxg5 33. Rxg5 Be2 34. Bf1 Bxf1 35. Rxf1 a5 36. Nf3 Rb8 37. Rg2 Re7 38. Ng5 b5 39. Ra1 a4 40. Nc2 Rb6 41. Nb4 Kg8 42. Nxd5 exd5 43. Re1 Rg6 44. Nh3 Rxg2 45. Kxg2 Ng4 46. e6 h6 47. Nf2 Nf6 48. Re5 g6 49. Nd1 1/2-1/2